| 000 | 00897nam a22002177a 4500 | ||
|---|---|---|---|
| 999 |
_c16768 _d16768 |
||
| 003 | AR-CdUCM | ||
| 008 | 190506b ||||| |||| 00| 0 spa d | ||
| 040 |
_aMUNICIPALIDAD PROVINCIAL DEL CUSCO _cBIBLIOTECA MUNICIPAL DEL CUSCO |
||
| 082 |
_a370.985 / _bT94 |
||
| 100 |
_aTupayachi Medina, Isaac _936417 |
||
| 245 | _aEducación, criterio de desarrollo Económico / | ||
| 260 |
_aAyacucho : _bEdiciones San Cristobal, _c1968. |
||
| 300 |
_a118 páginas ; _btablas, _c22.5 cm. |
||
| 505 | _aContenido: Diagnóstico de la situación del país -- Principales aspectos cuantitativos de los niveles educativos -- La educación como criterio de desarrollo económico -- Marco institucional para el desarrollo económico y social. | ||
| 650 |
_aEconómia _9382 |
||
| 650 |
_aDesarrollo _92021 |
||
| 650 |
_aEducación _9460 |
||
| 650 |
_aPerú _935 |
||
| 942 |
_2ddc _cLIBROS |
||
| 945 |
_aachl _d2019-05-06 |
||